| 000 | 00663nam a22001577a 4500 | ||
|---|---|---|---|
| 003 | OSt | ||
| 005 | 20150912152048.0 | ||
| 008 | 150912b xxu||||| |||| 00| 0 eng d | ||
| 040 | _cRUA | ||
| 082 | _aAGR HUN 1997 B018 Or.1 | ||
| 100 |
_9340 _aHUN, MUNIN |
||
| 245 | _aThe experiment on using stimulus with clones GT1, BD5 and PR107 at memot rubber plantation company ការពិសោធន៍ប្រើប្រាស់ថ្នាំរំញោចលើពូជGT1, BD5 និងPR107 នៅក្រុមហ៊ុនចំការកៅស៊ូមេមត់ | ||
| 260 |
_aPhnom Penh _bRUA _c1997 |
||
| 300 |
_a99p. _bill. _c29cm. |
||
| 942 |
_2ddc _cAGR |
||
| 999 |
_c318 _d318 |
||